00752nam a2200217 i 450000100060000000300090000600500170001500700030003200800410003508000240007610000350010024501170013526000430025230000370029550000290033265100400036170000270040170000420042885200310047085200330050182495ES-MaACL20251002204012.0t|041110s1948 sp ||||1| spa d a352(460.353 S.)"11"1 aIbn 'Abdun, Muhammad b. Ahmad.10aSevilla a comienzos del siglo XII b: el tratado de Ibn 'Abdun /cE. Levi-Provençal y Emilio García Gómez. aMadrid : bMoneda y Crédito, c1948. aXVI, 203 p., 6 lám. ; c17 cm. aBiblioteca Juan Andrade. 4aSevilla-xAdministración-yS.XII.1 aLévi-Provençal, E.1 aGarcía Gómez, Emilio, d1905-1995 aES-MaACLjD-7972 bR.29578 aES-MaACLjAND-935 bR.110223